Padacharita (Record no. 121961)

MARC details
000 -LEADER
fixed length control field 00822nam a2200289Ia 4500
003 - CONTROL NUMBER IDENTIFIER
control field OSt
005 - DATE AND TIME OF LATEST TRANSACTION
control field 20251112140938.0
008 - FIXED-LENGTH DATA ELEMENTS--GENERAL INFORMATION
fixed length control field 210210b2003 xxu||||| |||| 00| 0 eng d
020 ## - INTERNATIONAL STANDARD BOOK NUMBER
International Standard Book Number 8126017279
040 ## - CATALOGING SOURCE
Transcribing agency AL
041 ## - LANGUAGE CODE
Language code of text/sound track or separate title Kannada
082 ## - DEWEY DECIMAL CLASSIFICATION NUMBER
Classification number K894.4 SARP
100 ## - MAIN ENTRY--PERSONAL NAME
Personal name SART (Jean Pal)
Dates associated with a name ಜೀನ್-ಪಾಲ್ ಸಾರ್ತ್ರೆ
9 (RLIN) 245204
245 ## - TITLE STATEMENT
Title Padacharita
Remainder of title ಪದಚರಿತ
260 ## - PUBLICATION, DISTRIBUTION, ETC.
Place of publication, distribution, etc. Navadehali
Name of publisher, distributor, etc. Sahity Akademi
Date of publication, distribution, etc. 2003
300 ## - PHYSICAL DESCRIPTION
Extent xviii,203
650 ## - SUBJECT ADDED ENTRY--TOPICAL TERM
Topical term or geographic name entry element Tr
9 (RLIN) 245205
650 ## - SUBJECT ADDED ENTRY--TOPICAL TERM
Topical term or geographic name entry element Shrinivasa
9 (RLIN) 245206
650 ## - SUBJECT ADDED ENTRY--TOPICAL TERM
Topical term or geographic name entry element Padacharita
9 (RLIN) 245207
650 ## - SUBJECT ADDED ENTRY--TOPICAL TERM
Topical term or geographic name entry element Ke
9 (RLIN) 245208
650 ## - SUBJECT ADDED ENTRY--TOPICAL TERM
Topical term or geographic name entry element Ech
9 (RLIN) 245209
650 ## - SUBJECT ADDED ENTRY--TOPICAL TERM
Topical term or geographic name entry element by
9 (RLIN) 245210
690 ## - LOCAL SUBJECT ADDED ENTRY--TOPICAL TERM (OCLC, RLIN)
Topical term or geographic name as entry element Kannada Prose
9 (RLIN) 245211
700 ## - ADDED ENTRY--PERSONAL NAME
Personal name Shrinivasa K H
Dates associated with a name ಶ್ರೀನಿವಾಸ ಕೆ ಎಚ್
9 (RLIN) 245212
906 ## - LOCAL DATA ELEMENT F, LDF (RLIN)
a 072031
942 ## - ADDED ENTRY ELEMENTS (KOHA)
Source of classification or shelving scheme Dewey Decimal Classification
Koha item type Book
Holdings
Withdrawn status Lost status Source of classification or shelving scheme Damaged status Not for loan Collection code Home library Current library Shelving location Date acquired Source of acquisition Cost, normal purchase price Total Checkouts Full call number Barcode Date last seen Price effective from Koha item type
    Dewey Decimal Classification     Kannada St Aloysius Library St Aloysius Library   02/17/2021 Sahitya Akademi, Bangalore 75.00   K894.4 SARP 072031 02/17/2021 02/17/2021 Book